000 00233nam a22000857a 4500
008 160920b xxu||||| |||| 00| 0 eng d
100 _9660
_aSachdeva.C.B.
245 _aMicro & Macro Economic-XII
260 _aNew Delhi
_bAP Publications
_c2011
999 _c3317
_d3317